00622nam a2200181Ia 4500008004100000020001500041041001200056082001600068100001800084245007700102260002500179300000800204650001800212700001700230942000700247999001500254952017100269221030s9999 xx 000 0 und d a8120303970 aEnglish a105.23bMur aR. G. Murdick 0aInformation System for Modern Managementcby R. G. Murdick, Ross, Joel E bPHIaNew Delhic2000 a466 aBE Management aRoss, Joel E cBK c7665d7665 pBE 4443g195.00l0o105.23 Murr2024-06-13 00:00:00w2022-10-30yBK003Print4070aMIETLIBbMIETLIBcBL-Academic Block-a, FL-1, CUP-39, SH-5, R-5d2001-12-2210HBE